Книжные центры Древней Руси (Запись № 13533453)

Подробности
000 -МАРКЕР
контрольное поле 02210nam0a2200421 4500
001 - ИДЕНТИФИКАТОР ЗАПИСИ
контрольное поле RU\NLR\BIBL_A\022681507
005 - ИДЕНТИФИКАТОР ВЕРСИИ
контрольное поле 20260119151934.0
010 ## - МЕЖДУНАРОДНЫЙ СТАНДАРТНЫЙ НОМЕР КНИГИ (ISBN)
Номер (ISBN) 978-5-91476-172-8
Тираж 500
021 ## - НОМЕР ГОСУДАРСТВЕННОЙ РЕГИСТРАЦИИ
Код страны Российская Федерация
Номер КН-П-25-064937
Номер Листа государственной регистраци КН-П-25-6294
035 ## - ДРУГИЕ СИСТЕМНЫЕ НОМЕРА
Идентификатор записи (NLR Aleph) 022681507
100 ## - ДАННЫЕ ОБЩЕЙ ОБРАБОТКИ
Данные общей обработки 20251208d2025 k y0rusy50 ca
101 0# - ЯЗЫК РЕСУРСА
Язык текста, звукозаписи и т.д. русский
102 ## - СТРАНА ПУБЛИКАЦИИ ИЛИ ПРОИЗВОДСТВА
Страна публикации Российская Федерация
105 ## - ПОЛЕ КОДИРОВАННЫХ ДАННЫХ: ТЕКСТОВЫЕ МАТЕРИАЛЫ, МОНОГРАФИЧЕСКИЕ
Кодированные данные о монографическом текстовом документе ah z 000zd
181 #0 - ПОЛЕ КОДИРОВАННЫХ ДАННЫХ: ВИД СОДЕРЖАНИЯ
Код вида содержания (ISBD) i3
Код характеристики содержания (ISBD) axxe
182 #1 - ПОЛЕ КОДИРОВАННЫХ ДАННЫХ: ТИП СРЕДСТВА
Код типа средства (ISBD) n - непосредственное
200 1# - ЗАГЛАВИЕ И СВЕДЕНИЯ ОБ ОТВЕТСТВЕННОСТИ
Основное заглавие Книжные центры Древней Руси
Наименование части Соловки и Русский Север
Сведения, относящиеся к заглавию сборник научных статей
Первые сведения об ответственности Институт русской литературы (Пушкинский Дом) Российской академии наук
Последующие сведения об ответственности отв. ред.: О. В. Панченко
203 ## - ВИД СОДЕРЖАНИЯ И ТИП СРЕДСТВА
Вид содержания Текст
Дополнительные сведения об издании визуальный
Тип средства непосредственный
210 ## - ПУБЛИКАЦИЯ, РАСПРОСТРАНЕНИЕ И ДР.
Место издания, распространения и т.д. Санкт-Петербург
Имя издателя, распространителя и т. д. Пушкинский Дом
Дата издания, распространения и т.д. 2025
215 ## - ФИЗИЧЕСКАЯ ХАРАКТЕРИСТИКА
Специфическое обозначение материала и объем 670, [1] с., [16] цв. ил., факс.
Другие сведения о физической характеристике ил., табл., факс.
Размеры 22
320 ## - ПРИМЕЧАНИЯ О НАЛИЧИИ В ДОКУМЕНТЕ БИБЛИОГРАФИИ / УКАЗАТЕЛЯ
Текст примечания Библиогр. в подстроч. примеч. и в тексте
601 02 - НАИМЕНОВАНИЕ ОРГАНИЗАЦИИ КАК ПРЕДМЕТ
Начальный элемент ввода Соловецкий монастырь
Формальный подзаголовок Сборники
Системный номер авторитетной/нормативной записи 1625463
Идентификатор авторитетной/нормативной записи RU\NLR\AUTH\66717498
606 1# - НАИМЕНОВАНИЕ ТЕМЫ КАК ПРЕДМЕТ
Наименование темы Древнерусская литература
Формальный подзаголовок Сборники
Системный номер авторитетной/нормативной записи 912888
Идентификатор авторитетной/нормативной записи RU\NLR\AUTH\6614047
606 1# - НАИМЕНОВАНИЕ ТЕМЫ КАК ПРЕДМЕТ
Наименование темы Рукописные книги
Формальный подзаголовок Сборники
Географический подзаголовок Древняя Русь
Системный номер авторитетной/нормативной записи 2169033
Идентификатор авторитетной/нормативной записи RU\NLR\AUTH\661304883
606 1# - НАИМЕНОВАНИЕ ТЕМЫ КАК ПРЕДМЕТ
Наименование темы Монастыри
Формальный подзаголовок Сборники
Географический подзаголовок Россия
-- Север
Системный номер авторитетной/нормативной записи 2102477
Идентификатор авторитетной/нормативной записи RU\NLR\AUTH\661271405
686 1# - ИНДЕКСЫ ДРУГИХ КЛАССИФИКАЦИЙ
Индекс Ч611.53(2)4я43
686 1# - ИНДЕКСЫ ДРУГИХ КЛАССИФИКАЦИЙ
Индекс Ш5(2=Р)3я43
686 2# - ИНДЕКСЫ ДРУГИХ КЛАССИФИКАЦИЙ
Индекс Э372.24-647.2я43
702 #1 - ИМЯ ЛИЦА - ВТОРИЧНАЯ ОТВЕТСТВЕННОСТЬ
Код отношения Редактор
Начальный элемент ввода Панченко
Часть имени, кроме начального элемента ввода О. В.
Даты 1963-
Расширение инициалов личного имени Олег Витальевич
Системный номер авторитетной/нормативной записи 143337
Идентификатор авторитетной/нормативной записи RU\NLR\AUTH\770143373
711 02 - НАИМЕНОВАНИЕ ОРГАНИЗАЦИИ - АЛЬТЕРНАТИВНАЯ ОТВЕТСТВЕННОСТЬ
Начальный элемент ввода Соловецкий монастырь
Структурное подразделение Библиотека
Системный номер авторитетной/нормативной записи 350232
Идентификатор авторитетной/нормативной записи RU\NLR\AUTH\889927293
712 02 - НАИМЕНОВАНИЕ ОРГАНИЗАЦИИ - ВТОРИЧНАЯ ОТВЕТСТВЕННОСТЬ
Код отношения Издающая организация
Начальный элемент ввода Институт русской литературы
Идентифицирующий признак Санкт-Петербург
Системный номер авторитетной/нормативной записи 470889
Идентификатор авторитетной/нормативной записи RU\NLR\AUTH\889987635
942 ## - ДОПОЛНИТЕЛЬНЫЕ ЭЛЕМЕНТЫ ЗАПИСИ (АБИС)
Тип экземпляра АБИС Книга
980 ## - КОЛЛЕКЦИЯ
Название коллекции Национальная библиография

Нет доступных экземпляров.